Teoría de los precios / (Record no. 65549)

MARC details
000 -LEADER
campo de control de longitud fija 00714nam a2200217 i 4500
001 - NÚMERO DE CONTROL
campo de control 65549
003 - IDENTIFICADOR DE NÚMERO DE CONTROL
campo de control ES-MaACL
005 - FECHA Y HORA DE LA ÚLTIMA TRANSACCIÓN
campo de control 20230906165415.0
007 - CAMPO FIJO DE DESCRIPCIÓN FÍSICA--INFORMACIÓN GENERAL
campo de control de longitud fija t|
008 - DATOS DE LONGITUD FIJA--INFORMACIÓN GENERAL
campo de control de longitud fija 040115s1972 sp ||||1| spa d
100 0# - ENTRADA PRINCIPAL--NOMBRE DE PERSONA
Nombre de persona Friedman, Milton (
Fechas asociadas al nombre 1912-2006)
9 (RLIN) 52636
245 10 - MENCIÓN DEL TÍTULO
Título Teoría de los precios /
Mención de responsabilidad, etc. Milton Friedman ; versión, José Vergara y José Vergara L. de San Román.
260 ## - PUBLICACIÓN, DISTRIBUCIÓN, ETC.
Lugar de publicación, distribución, etc. [Madrid] :
Nombre del editor, distribuidor, etc. Alianza,
Fecha de publicación, distribución, etc. [1972]
300 ## - DESCRIPCIÓN FÍSICA
Extensión 347 p. :
Otras características físicas il. ;
Dimensiones 20 cm.
490 1# - MENCIÓN DE SERIE
Mención de serie Alianza universidad ;
Designación de volumen o secuencia 30
700 1# - ENTRADA AGREGADA--NOMBRE PERSONAL
Nombre de persona Vergara, José.
9 (RLIN) 114083
700 1# - ENTRADA AGREGADA--NOMBRE PERSONAL
Nombre de persona Vergara L. de San Román, José.
9 (RLIN) 114088
830 0# - PUNTO DE ACCESO ADICIONAL DE SERIE-TÍTULO UNIFORME
Título uniforme Alianza universidad ;
Designación de volumen o secuencia 30
9 (RLIN) 177276
852 ## - LOCALIZACIÓN
Ubicación ES-MaACL
Número de control de estantería C-49432
Sublocalización o colección R.84879
Holdings
Estatus retirado Estado de pérdida Estado de daño No para préstamo Biblioteca de origen Biblioteca actual Ubicación en estantería Fecha de adquisición Fuente de adquisición Total de préstamos Signatura topográfica completa Código de barras Visto por última vez Precio de reemplazo Tipo de ítem Koha
        Biblioteca del Ateneo de Madrid Biblioteca del Ateneo de Madrid Depósito 2 17/01/2008     C-49432 1068676 23/02/2023 23/02/2023 Libro impreso